000
00320nam a22001337a 4500
008
170607b xxu||||| |||| 00| 0 eng d
020
_a
9780446532686
041
_a
eng
080
_a
327
100
_a
18
101
_a
SHP
245
_a
AMERICA A CITIZEN GUIDE DEMOCRACY INACTION
_c
JEFFERSON.TH
942
_2
udc
_c
BK
999
_c
16297
_d
16297